Mahkeme kayıtları ışığında 17. yüzyıl İstanbul'unda sosyo ekonomik yaşam =social and economic life in seventeenth century Istanbul glimpses from court records / (Record no. 13067)

MARC details
000 -BAŞLIK
Sabit Uzunlukta Kontrol Alanı 01147nam a22002537a 4500
999 ## - SİSTEM KONTROL NUMARALARI (KOHA)
Koha Biblionumber 13067
Koha Biblioitemnumber 13067
003 - KONTROL NUMARASI IDENTIFIER
Denetim Alanı MIRAKIL
005 - SON İŞLEM TARİHİ VE ZAMANI
Denetim Alanı 20190326151217.0
008 - SABİT-BOY VERİ ELEMANLARI - GENEL BİLGİLER
Sabit Uzunlukta Kontrol Alanı 190326b tu ||||| |||| 00| 0 tur d
020 ## - ULUSLARARASI STANDART KİTAP NUMARASI
Uluslararası Standart Kitap Numarası 9786053603498
040 ## - KATALOGLAMA KAYNAK
Orijinal Kataloglama Ajansı TR-AnCHP
Metne Dönüştürmek Ajansı TR-AnCHP
041 ## - DİL KODU
Metin / Ses Parça Veya Ayrı Başlığın Dil Kodu tur
082 ## - DEWEY ONLU SINIFLANDIRMA NUMARASI
Sınıflandırma Numarası 956.226015
Ürün Numarası M23 2011
245 10 - BAŞLIK TABLOSU
Başlık Mahkeme kayıtları ışığında 17. yüzyıl İstanbul'unda sosyo ekonomik yaşam =social and economic life in seventeenth century Istanbul glimpses from court records /
Sorumluluk Tablosu, Vb yayına hazırlayan: Timur Kuran
260 ## - YAYIN, DAĞITIM, VB
Yayın, Dağıtım, Vb Yeri İstanbul:
Yayıncı, Dağıtıcı, Vs Adı Türkiye İş Bankası Kültür Yayınları,
Yayın, Dağıtım, Vb Tarihi 2011.
300 ## - FİZİKSEL TANIM
Kapsam c. <5> ; 584 s.:
Diğer Fiziksel Ayrıntıları res.;
Boyutlar 24 sm.
490 0# - SERİSİ TABLOSU
Seri Beyanı Türkiye İş Bankası Kültür Yayınları ;
Hacim / Ardışık Tanımı genel yayın: 2320
505 ## - BİÇİMLENDİRİLDİ İÇİNDEKİLER NOT
Biçimlendirilmiş İçeriği Dikkat İçindekiler: 5. cilt: Vakıflar (1602-17)
650 #0 - KONU KATMA GİRİŞ - TOPİKAL DÖNEM
9 (RLIN) 710
Topikal Süreli Veya Coğrafi Ad Giriş Elemanı Osmanlı İmparatorluğu
Genel Alt Bölümü Tarih
Kronolojik Alt Bölümü 1602-1617
651 #0 - KONU KATMA GİRİŞ - COĞRAFİ ADI
9 (RLIN) 5576
Coğrafi İsim İstanbul (Türkiye)
Genel Alt Bölümü Sosyal yaşam
Kronolojik Alt Bölümü 1602-1617
651 #0 - KONU KATMA GİRİŞ - COĞRAFİ ADI
9 (RLIN) 5576
Coğrafi İsim İstanbul (Türkiye)
Genel Alt Bölümü Ekonomik yaşam
Kronolojik Alt Bölümü 1602-1617
700 ## - KATMA GİRİŞ - KİŞİSEL İSİM
9 (RLIN) 5577
Kişisel Ad Kuran, Timur
Relator Terim yay. haz.
856 ## - ELEKTRONİK YER VE ERİŞİM
Kamu Notu Dijital Nüshası için Partimizin Kütüphane Sorumlusu ile iletişime geçiniz.
942 ## - EKLENDİ GİRİŞ ELEMANLARI (KOHA)
Sınıflandırma Veya Raf Düzeni Kaynak Dewey Decimal Classification
Koha Öğesi Türü Books
Holdings
Kalıcı Konum Mevcut Konum Edinme Tarihi Toplam Check-Out'Lar Tam Çağrı Numarası Barkod Tarih Son Görülme Kopya Sayısı İtibaren Geçerli Fiyatlar Koha Öğesi Türü
CHP Kütüphanesi CHP Kütüphanesi 03/26/2019   956.226015 M23 2011 019114 03/26/2019 c.5 03/26/2019 Books